000 00143 a2200073 4500
020 _a9780340930137
082 _a144907
245 _aEntrepreneurship
999 _c793179
_d793178
942 _w13411
_xBongani Makatu
_y13411
_zBongani Makatu